书目信息 |
| 题名: |
李宗仁大传
|
|
| 作者: | 荣维木 著 | |
| 分册: | ||
| 出版信息: | 北京 团结出版社 2008 |
|
| 页数: | 374页 | |
| 开本: | 23cm | |
| 丛书名: | ||
| 单 册: | ||
| 中图分类: | K827=72 | |
| 科图分类: | ||
| 主题词: | ||
| 电子资源: | ||
| ISBN: | 978-7-80214-361-6 | |
| 000 | 00863nam0 2200241 45 | |
| 001 | 012001001738 | |
| 005 | 20140921103355.0 | |
| 010 | @a978-7-80214-361-6@dCNY57.00 | |
| 100 | @a20080702d2008 em y0chiy50 ea | |
| 101 | 0 | @achi |
| 102 | @aCN@b110000 | |
| 105 | @aa z 000yb | |
| 106 | @ar | |
| 200 | 1 | @a李宗仁大传@9li zong ren da zhuan@f荣维木著@FRong Wei Mu Zhu@PRWMZ |
| 210 | @a北京@c团结出版社@d2008 | |
| 215 | @a374页@c照片,图@d23cm | |
| 330 | @a本书共分十一章,内容包括:走上军人之路、新桂系崛起、参加北伐战争、争夺中枢权力、内战中的沉浮、建立广西独立王国、竖立抗日大旗、八年烽火岁月、内争与内战、梦幻的最后破灭、最后的归宿。 | |
| 600 | 0 | @a李宗仁@f(1891-1969)@x传记 |
| 600 | 0 | @a李宗仁@f(1891~1969) |
| 690 | @aK827=72@v4 | |
| 701 | 0 | @a荣维木@9rong wei mu@f(1952.2~)@4著 |
| 801 | 0 | @aCN@b上海新华@c20180901 |
| 905 | @b1152252-6@dK827@e785@f5 | |
| 李宗仁大传/荣维木著.-北京:团结出版社,2008 |
| 374页:照片,图;23cm |
| ISBN 978-7-80214-361-6:CNY57.00 |
| 本书共分十一章,内容包括:走上军人之路、新桂系崛起、参加北伐战争、争夺中枢权力、内战中的沉浮、建立广西独立王国、竖立抗日大旗、八年烽火岁月、内争与内战、梦幻的最后破灭、最后的归宿。 |
| ● |
| 相关链接 |
|
|
|
|
正题名:李宗仁大传
索取号:K827/785
 
预约/预借
| 序号 | 登录号 | 条形码 | 馆藏地/架位号 | 状态 | 备注 |
| 1 | 1152252 | 211522529 | 第二样本阅览室/ [索取号:K827/785] | 在馆 | |
| 2 | 1152253 | 211522538 | 第二借阅区/ [索取号:K827/785] | 在馆 | |
| 3 | 1152254 | 211522547 | 第二借阅区/ [索取号:K827/785] | 在馆 | |
| 4 | 1152255 | 211522556 | 第二借阅区/ [索取号:K827/785] | 在馆 | |
| 5 | 1152256 | 211522565 | 密集书库-史法系/ [索取号:K827/785] | 在馆 |